| 000 | 006260000a22001810004500 | ||
|---|---|---|---|
| 003 | MACL | ||
| 005 | 20160528115006.0 | ||
| 008 | 160528b xxu||||| |||| 00| 0 eng d | ||
| 040 |
_aMACL _cMACL |
||
| 041 | _aHindi | ||
| 082 | _a891.433 SHR | ||
| 100 |
_aश्रीनाथ, डी. एन _960423 |
||
| 245 |
_aकन्नड की प्रतिनिधि कहानियॉ _cडी. एन. श्रीनाथ |
||
| 260 |
_bविधा पुस्तक सदन _c2001 _aनई दिल्ली |
||
| 350 | _a150 | ||
| 650 |
_aHindi Literature _960424 |
||
| 942 |
_cHIN _k891.433/SHR/S _2ddc |
||
| 999 |
_c17853 _d17853 |
||